| 000 | 00657nam a2200193Ia 4500 | ||
|---|---|---|---|
| 008 | 220216s9999 xx 000 0 und d | ||
| 100 | _aSolera Carlito R | ||
| 245 | 0 | _aGrowing rubber in the drier areas of the Philippines: Lessons from experience and their scientific and practical implications | |
| 260 | _bIRRDB Natural Rubber Conference 2008, 13-15 October 2008, Kuala Lumpur, Malaysia: Abstract of papers | ||
| 500 | _aSource Year: 2008 | ||
| 650 | _aDrier areas | ||
| 650 | _aGrowth | ||
| 650 | _aLatex yield | ||
| 700 | _aEleazar Nicomeses | ||
| 700 | _aGalang Rodolfo | ||
| 700 | _aGapasin Ernesto R | ||
| 856 | _uAbst only | ||
| 942 | _cJS | ||
| 999 |
_c60108 _d60108 |
||